Сказки Карельского Беломорья. Т. 1 [Кн. 2]: Сказки М.М. Коргуева (Запись № 13595858)

Подробности
000 -МАРКЕР
контрольное поле 02144nam2a2200289 4500
001 - ИДЕНТИФИКАТОР ЗАПИСИ
контрольное поле rc\2922741
005 - ИДЕНТИФИКАТОР ВЕРСИИ
контрольное поле 20260406074043.0
035 ## - ДРУГИЕ СИСТЕМНЫЕ НОМЕРА
Идентификатор записи (NLR Aleph) 007072795
100 ## - ДАННЫЕ ОБЩЕЙ ОБРАБОТКИ
Данные общей обработки 20110815d1939 k y0rusy50 ca
101 0# - ЯЗЫК РЕСУРСА
Язык текста, звукозаписи и т.д. русский
102 ## - СТРАНА ПУБЛИКАЦИИ ИЛИ ПРОИЗВОДСТВА
Страна публикации Российская Федерация
105 ## - ПОЛЕ КОДИРОВАННЫХ ДАННЫХ: ТЕКСТОВЫЕ МАТЕРИАЛЫ, МОНОГРАФИЧЕСКИЕ
Кодированные данные о монографическом текстовом документе c z ||1||
200 1# - ЗАГЛАВИЕ И СВЕДЕНИЯ ОБ ОТВЕТСТВЕННОСТИ
Основное заглавие Сказки М.М. Коргуева
Обозначение и номер части кн. 2
Первые сведения об ответственности Записи и комментарий А.Н. Нечаева
Последующие сведения об ответственности статья о языке М. Коргуева ["Заметка о принципах публикации текста", с. 635-44] и словар. пояснения Б.А. Ларина
210 ## - ПУБЛИКАЦИЯ, РАСПРОСТРАНЕНИЕ И ДР.
Дата издания, распространения и т.д. 1939
215 ## - ФИЗИЧЕСКАЯ ХАРАКТЕРИСТИКА
Специфическое обозначение материала и объем 676 с. с заставками и концовками
Другие сведения о физической характеристике портр.
320 ## - ПРИМЕЧАНИЯ О НАЛИЧИИ В ДОКУМЕНТЕ БИБЛИОГРАФИИ / УКАЗАТЕЛЯ
Текст примечания Алфавитный указатель сказок М.М. Коргуева, с. 672-4
461 #0 - УРОВЕНЬ НАБОРА
Встроенное поле 001rc\2922739
-- 2001#$aСказки Карельского Беломорья$fПод общей ред. проф. М.К. Азадовского, проф. Б.А. Ларина, акад. И.И. Мещанинова и др.$gКарел. науч.-исслед. ин-т культуры$vТ. 1 [Кн. 2]
Системный номер (АБИС) связанной записи 6397509
Место публикации Петрозаводск
Дата публикации 1939
Первые сведения об ответственности под общей ред. профессора М.К. Азадовского, профессора Б.А. Ларина, академика И.И. Мещанинова [и др.]
Имя издателя, распространителя и т.д. Каргосиздат
Заглавие Сказки Карельского Беломорья
Номер тома Т. 1 [Кн. 2]
464 #0 - АНАЛИТИЧЕСКИЙ УРОВЕНЬ
Встроенное поле 2001#$aЗаметка о принципах публикации текста
-- 700#1$aЛарин$bБ. А.$f1893-1964$gБорис Александрович$4070
Заглавие Заметка о принципах публикации текста
Автор Ларин, Борис Александрович (1893-1964)
700 #1 - ИМЯ ЛИЦА - ПЕРВИЧНАЯ ОТВЕТСТВЕННОСТЬ
Начальный элемент ввода Коргуев
Часть имени, кроме начального элемента ввода М. М.
Расширение инициалов личного имени Матвей Михайлович
702 #1 - ИМЯ ЛИЦА - ВТОРИЧНАЯ ОТВЕТСТВЕННОСТЬ
Код отношения Комментатор печатного текста
Графика поля Кириллица
Материалы, к которым относится поле rus
Начальный элемент ввода Нечаев
Часть имени, кроме начального элемента ввода А. Н.
Дополнения к именам, кроме дат фольклорист
Даты 1902-1986
Расширение инициалов личного имени Александр Николаевич
Системный номер авторитетной/нормативной записи 15960
Идентификатор авторитетной/нормативной записи RU\NLR\AUTH\7732952
801 #0 - ИСТОЧНИК ЗАПИСИ
Страна Российская Федерация
Организация NLR
Правила каталогизации psbo
801 #1 - ИСТОЧНИК ЗАПИСИ
Страна Российская Федерация
Организация ELAR
Источник данных rusmarc
852 ## - МЕСТОНАХОЖДЕНИЕ И ШИФР ХРАНЕНИЯ
Идентификатор организации NLR
Шифр хранения (Call Number) 39-18/41(1-2)
942 ## - ДОПОЛНИТЕЛЬНЫЕ ЭЛЕМЕНТЫ ЗАПИСИ (АБИС)
Тип экземпляра АБИС Неопределено
980 ## - КОЛЛЕКЦИЯ
Название коллекции Национальная библиография

Нет доступных экземпляров.